000 00375nab a22001097u 4500
008 130520b2009 xxu||||| |||| 00| 0 spa d
041 _aspa
100 1 _aTrujillo-Cañellas, Gerardo
_982950
245 0 0 _aLa inmortalidad del alma según Antonio Millán-Puelles
_cGerardo Trujillo-Cañellas
773 0 _tMar Océana
_gnº25,2009,págs. 149-154
_x1134-7627
_wRev268
942 _cAR
999 _c412477
_d412477